| 000 | 01180cam a22002177a 4500 | ||
|---|---|---|---|
| 020 | _a9789251069066 | ||
| 020 | _a9251069069 | ||
| 040 | _cBTCTA | ||
| 082 | _a660 FOO 2011 A055 Or. | ||
| 245 | 0 | 0 |
_aBiotechnologies for agricultural development : _bproceedings of the FAO international technical conference on "agricultural biotechnologies in developing countries: options and opportunities in crops, forestry, livestock, fisheries and agro-industry to face the challenges of food insecurity and climate change" : ABDC-10. |
| 246 | 3 | 0 | _aProceedings of the FAO international technical conference on "agricultural biotechnologies in developing countries: options and opportunities in crops, forestry, livestock, fisheries and agro-industry to face the challenges of food insecurity and climate change" |
| 246 | 3 | 0 | _aABDC-10 |
| 260 |
_aRome : _bFood and Agriculture Organization of the United Nations, _c2011. |
||
| 300 |
_axxi, 569 p. : _bill. ; _c27 cm. |
||
| 650 | 0 | _aBiotechnology | |
| 650 | 0 | _aAgriculture | |
| 650 | 0 | _aSustainable agriculture | |
| 650 | 0 | _aAgricultural biotechnology | |
| 710 | 2 | _aFood and Agriculture Organization of the United Nations. | |
| 942 | _cEK | ||
| 999 |
_c15103 _d15103 |
||